000 00819nam a2200229Ii 4500
003 JO-AjNU
008 230605s9999||||xx |||||||||||||| ||und||
017 _a2009/19413
020 _a978-977-422-170-8
040 _aJO-AjNU
_bara
_erda
_cJO-AjNU
041 _aara
050 1 4 _aHD30.213.K8759.2010
100 3 _aالكردي، منال محمد/علاء الدين عباس,
_eauthor
_944251
245 0 0 _aمقدمة في نظم المعلومات الادارية النظرية والتطبيق
250 _aط1
264 3 1 _aالاسكندرية:الدار الجامعية،2010
300 _a344ص
336 _atext
_btxt
_2rdacontent
337 _aunmediated
_bn
_2rdamedia
338 _avolume
_bnc
_2rdacarrier
650 4 _aادارة الاعمال-نظم المعلومات الادارية
_944252
999 _aA19092
_c22660
_d22660